| 000 | 00505nam a2200181Ia 4500 | ||
|---|---|---|---|
| 005 | 20250326125419.0 | ||
| 008 | 250326s9999 xx 000 0 und d | ||
| 037 | _aTextbook | ||
| 040 |
_aFMSL _beng _cFMSL |
||
| 041 |
_aeng _2eng |
||
| 084 |
_aXA K9 _qFMSL |
||
| 100 |
_aLoucks W N _9736564 |
||
| 245 | 0 |
_aComparative economic systems _cLoucks W N; Whitney W G |
|
| 260 |
_aNY _bNY, Harper International Edition _c1969 |
||
| 300 | _a582p | ||
| 942 |
_cTB _hXA K9 |
||
| 999 |
_c1277958 _d1277958 |
||